[Event "ROM-ch U10 Boys"]
[Site "Voineasa"]
[Date "2008.04.16"]
[Round "7"]
[White "Bangau, Andrei Ciprian"]
[Black "Ignuta Ciuncanu, Matei Cristian"]
[Result "0-1"]
[WhiteElo "401"]
[BlackElo "401"]
[PlyCount "52"]
[EventDate "2008.04.08"]
[EventType "swiss"]
[EventRounds "9"]
[EventCountry "ROU"]
[SourceTitle "EXT 2013"]
[Source "ChessBase"]
[SourceDate "2012.11.22"]
[SourceVersion "1"]
[SourceVersionDate "2012.11.22"]
[SourceQuality "1"]

1. e4 e5 2. Nf3 Nc6 3. Nc3 Nf6 4. Bc4 d6 5. d3 Be6 6. Bg5 Be7 7. 0-0 0-0 8. Re1 d5 9. exd5 Nxd5 10. Bxd5 Bxd5 11. Nxd5 Qxd5 12. Bxe7 Nxe7 13. Rxe5 Qd6 14. d4 Ng6 15. Rc5 b6 16. Rf5 Ne7 17. Rg5 f6 18. Rh5 g6 19. Rh3 c5 20. c3 cxd4 21. cxd4 Nc6 22. Qd2 Rad8 23. Qh6 Rd7 24. Nh4 Qxd4 25. Nxg6 Qd1+ 26. Rxd1 Rxd1# 0-1